000 00665nam a22002177a 4500
003 UA-OsUOA
001 78768
007 ta
008 20111020b un ||||| |||| 00| 0 ukr d
100 _aСаліхова О.
090 _a330(477)
_bС16
942 _cSA
040 _aUA-OsUOA
_bukr
_cUA-OsUOA
_dUA-OsUOA
245 _aВисокотахнологічні товари виробничого призначення в структурі імпорту України
300 _aС.28-33
955 _a0
041 _aukr
080 _a330(477)
773 0 _w78762
_tЕкономіст
_dК.
_d2011
_g9
650 7 _a330 Економіка взагалі
_2UDC
999 _c365083
_d365083